Statistics for Facebook Fanpages with the most likes

Click here to take the quiz!

General Stats

  • This quiz has been taken 17 times
  • The average score is 11 of 25

Answer Stats

RankNo. of LikesHintFanpage% Correct
2172.430.719Technology brandFacebook
92%
1502.198.475Technology productFacebook for every Phone
92%
2170.942.495Soccer clubManchester United
92%
2071.259.572MusicianKaty Perry
85%
3116.816.672Soccer playerCristiano Ronaldo
77%
2566.949.723Food/dining brandMcDonald's
77%
892.074.994Soccer clubReal Madrid
77%
794.277.696Soccer clubFC Barcelona
69%
1377.539.550MusicianJustin Bieber
69%
1086.867.812Soccer playerLionel Messi
69%
1575.640.569Movie/book franchiseHarry Potter
62%
1181.981.452MusicianRihanna
62%
699.269.591Food/beverage brandCoca Cola
54%
1874.983.750MusicianTaylor Swift
54%
1475.911.614MusicianMichael Jackson
31%
991.552.728MusicianEminem
23%
4104.588.265MusicianShakira
15%
2467.279.449TV ShowThe Simpsons
15%
1281.635.849Technology brandYouTube
8%
1974.811.497MusicianBob Marley
0%
1775.006.754Technology productCandy Crush Saga
0%
2368.943.593Technology productCriminal Case
0%
2269.877.819Website/BlogTasty
0%
5100.207.582ActorVin Diesel
0%
1675.121.315ActorWill Smith
0%

Score Distribution

Percentile by Number Answered

Percent of People with Each Score

Your Score History

You have not taken this quiz